000 00879nam a2200277 i 4500
001 105403
003 ES-MaACL
005 20250717065630.0
007 t|
008 060706s1976 fr |||| | fre d
080 _a338(100)"19"
080 _a304
100 1 _aDupuy, Jean-Pierre.
_946139
245 1 3 _aLa trahison de l'opulence /
_cJean-Pierre Dupuy, Jean Robert ; dessins de Konk.
250 _a1e éd.
260 _a[Paris] :
_bPresses Universitaires de France,
_c1976.
300 _a256 p. :
_bil. ;
_c23 cm.
490 1 _aÉconomie en liberté
650 1 4 _aPolítica económica-
_y1945-1989.
_9167692
650 7 _aProblemas sociales
_2embne
_916415
700 1 _aRobert, Jean.
_997807
700 1 _aKonk (
_d1944-)
_968559
830 0 _aÉconomie en liberté
_9185020
852 _aES-MaACL
_jAND-199
_z. - Biblioteca Juan Andrade
999 _c105403
_d105403